000
00310nam a22001337a 4500
008
170606b xxu||||| |||| 00| 0 eng d
020
_a
9781588263483
041
_a
eng
080
_a
32
100
_a
18
101
_a
SHP
245
_a
POLITICS AND PROCESS AT THE UNITED NATIONS
_c
SMITH,C.B
942
_2
udc
_c
BK
999
_c
16165
_d
16165